000
00458nam a2200145Ia 4500
008
100204s9999 xx 000 0 und d
082
_b
828
100
_a
मराठे प्रभाकर द.
245
_a
अंधारगर्भ
260
_b
"हेमचंद्र प्रकाशन , मुंबई"
_c
1979
300
_a
147
630
_a
अंधारगर्भ
730
_a
अंधारगर्भ
942
_c
BOOK
999
_c
446023
_d
446020